| 000 | 01213nam0a2200337 4500 | ||
|---|---|---|---|
| 001 | RU\NLR\BIBL_A\010913263 | ||
| 005 | 20250624201025.0 | ||
| 010 |
_a978-5-17-090738-0 _93000 |
||
| 021 |
_aRU _b2015-87278 _95362 |
||
| 035 | _a(NILC)RuMoRGB-008063525 | ||
| 035 | _a(NLR Aleph) 010913263 | ||
| 090 |
_a10641498 _c10641498 |
||
| 100 | _a20151127d2015 |||y0rusy50 ca | ||
| 101 | 0 |
_arus _ager |
|
| 102 | _aRU | ||
| 105 | _ay|||z||||00yy | ||
| 200 | 1 |
_aНемецкий без репетитора _e[освоить быстро и легко] _fЕ. А. Нестерова |
|
| 210 |
_aМосква _cАСТ _cLingua _d2015 _d(макет 2016) |
||
| 215 |
_a254, [1] с. _d20 |
||
| 225 | 1 | _aЗанимаемся без репетитора | |
| 225 | 1 | _aDeutsch | |
| 333 | _a12+ | ||
| 606 | 1 |
_aНемецкий язык _jУчебные издания для самообразования _91063964 _3RU\NLR\AUTH\66413315 |
|
| 675 | _a811.112.2 | ||
| 686 | 1 | _aШ143.24-93рус8 | |
| 700 | 1 |
_aНестерова _bЕ. А. _gЕвдокия Антоновна |
|
| 801 | 0 |
_aRU _bРГБ _c20151109 _gRCR |
|
| 942 | _cBOOK | ||
| 980 | _aNB | ||